Business analysis & valuation : Using financial statement

Bibliographic Details
Main Author: Krishna G. Palepu
Format: Book
Published: Ohio : South-Western College Publishing , 1996
Subjects:

MARC

LEADER 00000cam a2200000 7i4500
001 0000003598
005 20050420.0
020 |a 0538866209 
040 |a INS 
090 0 0 |a HF5681.V3   |b P3 1996 
100 1 |a Krishna G. Palepu 
245 1 0 |a Business analysis & valuation :   |b Using financial statement   |c Krishna G. Palepu, Victor L. Bernard and Paul M. Healey 
260 |a Ohio :   |b South-Western College Publishing ,   |c 1996 
650 0 0 |a Business enterprises   |x valuation 
650 0 0 |a Business enterprises   |x valuation   |x case studies 
650 0 0 |a Financial statements 
999 |a 0000006968   |b BOOK   |c Open Shelf   |e Default branch